000 00336nam a2200157Ia 4500
999 _c83525
_d83525
003 0100
005 20190111100436.0
008 130307s9999 xx 000 0 und d
040 _cARRUPELIB
050 _aSPC. P121.B6 1944
100 _aBodmer, Frederick
_943976
245 4 _aThe loom of language
_ba guide to foreign langauges for the home student
_cFrederick Bodmer
260 _aLondon
_bGeorge Allen and Unwin Ltd.
_c1943
300 _a669p. ;p
_c21cm.
650 _aLanguage and languages
_916092
650 _aLanguage and languages
_xGlosaries
_943977
942 _2lcc
_cMONOGRAPH